Question |
Answer |
Wrong Answers |
Era tra i dinosauri più famosi, caratterizzato dalle sue tre corna sulla testa |
Triceratops | | 78.6% |
Styracosaurus | | 14.3% |
Protoceratops | | 0% |
Zuniceratops | | 7.1% |
|
Fu uno dei dinosauri carnivori più antichi, con due creste sulla desta. Secondo alcuni era addirittura velenoso |
Dilophosaurus | | 78.6% |
Ceratosaurus | | 7.1% |
Cryolophosaurus | | 0% |
Psittacosaurus | | 0% |
|
Questo dinosauro era caratterizzato da una grande mazza ossea sulla coda |
Ankylosaurus | | 71.4% |
Pawpasaurus | | 7.1% |
Polacanthus | | 0% |
Scutellosaurus | | 7.1% |
|
Questo antico dinosauro prende il nome dal fatto che le vertebre della sua schiena era piatte |
Plateosaurus | | 64.3% |
Anchisaurus | | 0% |
Bonitasaurus | | 0% |
Unaysaurus | | 0% |
|
è ritenuto il dinosauro più potente mai esistito, e perciò si è meritato l'appellativo di re dei rettili tiranni |
Tyrannosaurus rex | | 64.3% |
Tarbosaurus | | 7.1% |
Allosaurus | | 0% |
Carcharodontosaurus | | 0% |
|
Questo piccolo, veloce e agile dinosauro carnivoro aveva un falcetto sul secondo dito delle zampe posteriori |
Velociraptor | | 64.3% |
Allosaurus | | 7.1% |
Acrocanthosaurus | | 0% |
Troodon | | 0% |
|
è tra i dinosauri più famosi, provvisto di una doppia fila di placche ossee sulla schiena e quattro aculei sulla coda |
Stegosaurus | | 64.3% |
Miragaia | | 0% |
Pinacosaurus | | 0% |
Kentrosaurus | | 0% |
|
Questo piccolo erbivoro, era agile e veloce. Di abitudini notturne, aveva occhi molto grandi |
Hypsilophodon | | 64.3% |
Iguanodon | | 0% |
Argentinosaurus | | 0% |
Einiosurus | | 0% |
|
Questo Carnosaurus è anche chiamato: ' il leone del Giurassico' |
Allosaurus | | 64.3% |
Tyrannosaurus rex | | 0% |
Giganotosaurus | | 0% |
Daspletosaurus | | 0% |
|
Questo felino preistorico è anche chiamato tigre dai denti a sciabola |
Smilodon | | 64.3% |
Andrewsarchus | | 0% |
Hyaenodon | | 0% |
Homotherium | | 0% |
|
Questo dinosauro erbivoro, era dotato di lunghe braccia, ognuna della quali con tre artigli lunghi 90 cm |
Therizinosaurus | | 64.3% |
Tsintaosaurus | | 0% |
Iguanodon | | 0% |
Paralititan | | 0% |
|
Questo parente estinto dell'elefante era ricoperto da una folta pelliccia, per combattere il freddo dell'Era Glaciale |
Mammuth Lanoso | | 64.3% |
Rinoceronte Lanoso | | 0% |
Megaloceors | | 0% |
Megalania | | 0% |
|
è uno dei pochi Sauropodi ad essere stato ritrovato nel continente Europeo |
Europasaurus | | 60% |
Magyarosaurus | | 0% |
Ampelosaurus | | 0% |
Draednoughthus | | 0% |
|
è il più grande dinosauro con la testa a cupola mai esistito |
Pachycephalosaurus | | 57.1% |
Micropachycephalosaurus | | 0% |
Olorotitan | | 0% |
Pelorosaurus | | 7.1% |
|
è stato il primo dinosauro ad essere descritto scientificamente all'inizio del 1800. il nome significa ' grande lucertola' |
Megalosaurus | | 57.1% |
Giganotosaurus | | 0% |
Megaraptor | | 0% |
Iguanodon | | 7.1% |
|
Questo rettile marino era dotato di un lungo collo, formato da ben 71 vertebre |
Elasmosaurus | | 57.1% |
Tylosaurus | | 0% |
Megalodon | | 0% |
Ichthyosaurus | | 7.1% |
|
Era tra i dinosauri carnivori più grandi mai esistiti come dice il suo nome, visse in Sudamerica |
Giganotosaurus | | 57.1% |
Gorgosaurus | | 7.1% |
Gasosaurus | | 0% |
Megaraptor | | 0% |
|
Fu tra i più antichi dinosauri cornuti, privo di corna, ma dotato di un grande becco, e due spuntoni sulle guance |
Protoceratops | | 57.1% |
Triceratops | | 0% |
Chasmosaurus | | 0% |
Torosaurus | | 7.1% |
|
Questo antenato dell'armadillo possedeva una corazza enorme, e due strane sporgenze ossee ai lati del muso |
Glyptodon | | 57.1% |
Megatherium | | 7.1% |
Smilodon | | 0% |
kelenken | | 0% |
|
Questo bizzarro incrocio tra un rettile e un uccello, è considerato l'anello di congiunzione tra dinosauri e volatili |
Archeopteryx | | 57.1% |
Dromaeosaurus | | 0% |
Utharaptor | | 7.1% |
Microraptor | | 0% |
|
Questo stranio rettile visse prima dell'era dei dinosauri; era un predatore dotato di una grande vela dorsale |
Dimetrodon | | 57.1% |
Edaphosaurus | | 7.1% |
Petrolacosaurus | | 0% |
Moschops | | 0% |
|
Quando venne scoperto da Victor Herrera, si capì che quello era il dinosauro più antico fino ad allora ritrovato |
Herrerasaurus | | 57.1% |
Eoraptor | | 7.1% |
Mussaurus | | 0% |
Liliensternus | | 0% |
|
Questo rettile aveva sulla testa una cresta simile ad un elmo greco, da cui prende il nome |
Corythosaurus | | 57.1% |
Parasaurolophus | | 0% |
Anatosaurus | | 0% |
Lambeosaurus | | 7.1% |
|
Questa creatura era un mostruoso bradipo terricolo gigante, che si nutriva di vegetali |
Megatherium | | 57.1% |
Amphycion | | 0% |
Entelodon | | 7.1% |
Embolotherium | | 0% |
|
Questo rettile acquatico, potrebbe aver ispirato le leggende riguardanti Nessie |
Plesiosaurus | | 57.1% |
Tylosaurus | | 0% |
Pliosaurus | | 0% |
Mosasaurus | | 7.1% |
|
Questo dinosauro era un vero mostro; aveva le sembianze di una gallina, ma le dimensioni di una giraffa |
Gigantoraptor | | 57.1% |
Oviraptor | | 0% |
Strunthimimus | | 7.1% |
Velociraptor | | 14.3% |
|
Questo rettile marino assomiglia moltissimo ai moderni delfini, e come loro partoriva piccoli vivi |
Ichthyosaurus | | 57.1% |
Prosqualodon | | 7.1% |
Dunklleosteus | | 0% |
Dolichorhynchops | | 0% |
|
Questa specie di varano preistorico era adatto alla vita acquatica, ma aveva le abitudini di vita di una foca |
Nothosaurus | | 57.1% |
Tylosaurus | | 0% |
Liopleurodon | | 0% |
Deinosuchus | | 7.1% |
|
è stato il più grande e pericoloso squalo mai esistito, riusciva infatti a divorare le grandi balene. molti sostengono che non sia estinto |
Megalodon | | 57.1% |
Dunkleosteus | | 0% |
Stetacanthus | | 7.1% |
Libonectes | | 0% |
|
è tra i dinosauri più grandi mai esistiti, non per altro il suo nome significa 'lucertola supereroe' |
Supersaurus | | 57.1% |
Titanosaurus | | 7.1% |
Mamenchisaurus | | 0% |
Amphicoelias | | 0% |
|
Questo Sauropode era dotato di una mazza ossea in fondo alla coda, usata dall'animale con una clava |
Shunosaurus | | 57.1% |
Agustinia | | 7.1% |
Supersaurus | | 0% |
Bonitasaurus | | 0% |
|
Questo raptor, era un cacciatore di branco, che potevano abbattere anche erbivori come l'Iguandon |
Deinonychus | | 57.1% |
Allosaurus | | 7.1% |
Irritator | | 0% |
Taraschosaurus | | 0% |
|
Questo piccolo rettile era una lucertola che planava da un ramo all'altro. Il suo nome deriva da una figura mitologica |
Icarosaurus | | 57.1% |
Coelurosauravus | | 0% |
Xiang long | | 7.1% |
Guanlong | | 0% |
|
è anche conosciuto come: ' orso della caverne' |
Ursus speleus | | 53.8% |
Amphycion | | 0% |
Pnathera leo Spelea | | 0% |
Crocuta spelea | | 0% |
|
Questo mammifero carnivoro era l'antenato delle moderne iene |
Hyaenodon | | 53.8% |
Entelodon | | 0% |
Amphycion | | 0% |
Andrewsarchus | | 0% |
|
Questo dinosauro era un primitivo antenato del Tyrannosaurus rex, il suo nome deriva da Lee Stokes che scorpì il fossile |
Stokesosaurus | | 53.8% |
Albertosaurus | | 0% |
Tyrannotitan | | 0% |
Nanotyrannus | | 0% |
|
Fu il primate più grande mai esistito, raggiungeva i 3 m di altezza. Molti ritengono che non sia estinto, ma possa essere il Big Foot o lo Yeti |
Giganthopithecus | | 53.8% |
Proconsul | | 0% |
Smilodectes | | 0% |
Australopithecus | | 0% |
|
Per molti anni questo animale è stato chiamato erroneamente Brontosaurus |
Apatosaurus | | 50% |
Brachiosaurus | | 7.1% |
Diplodocus | | 7.1% |
Agustinia | | 0% |
|
Questo coccodrillo era gigantesco, infatti si nutriva pure di dinosauri |
Deinosuchus | | 50% |
Purrusaurus | | 7.1% |
Laophys | | 7.1% |
Kaprosuchus | | 0% |
|
Questo dinosauro dalla testa a cupola era caratterizzato per alcune escrescenze ossee sul collo |
Prenocephale | | 50% |
Pachycephalosaurus | | 14.3% |
Yinlong | | 7.1% |
Hypsilophodon | | 0% |
|
Questo dinosauro era provvisto di due grossi aculei sui pollici |
Iguanodon | | 50% |
Compsognathus | | 0% |
Therizinosaurus | | 7.1% |
Rhabdodon | | 7.1% |
|
Questo dinosauro erbivoro, possedeva un becco simile a quello delle moderne oche, con migliaia di denti a batteria |
Anatosaurus | | 50% |
Pachycepahlosaurus | | 7.1% |
Camarasaurus | | 7.1% |
Camptosaurus | | 0% |
|
Questo dinosauro onnivoro, prende il nome da un errore di identificazione delle uova con cui è stato ritrovato |
Oviraptor | | 50% |
Ovasaurus | | 14.3% |
Pegomastax | | 0% |
Dilophosaurus | | 0% |
|
Era tra i rettili acquatici più grandi mai esistiti, si distingue per il suo colore nero e bianco |
Liopleurodon | | 50% |
Plesiosaurus | | 0% |
Mosasaurus | | 14.3% |
Pliosaurus | | 0% |
|
Questo mollusco era dotato di una conchiglia a spirale. è l'antenato del moderno calamaro |
Ammonite | | 50% |
Trilobite | | 7.1% |
Nautiloide | | 0% |
Pterygotus | | 7.1% |
|
è stato il mammifero terrestre più grande mai esistito. Era un antenato del rinoceronte, ma aveva l'aspetto di una giraffa |
Indricotherium | | 50% |
Embolotherium | | 7.1% |
Daedon | | 0% |
Megatherium | | 7.1% |
|
Questa primitiva tartaruga terrestre non poteva ritrarre la sua testa nel guscio e sul collo aveva delle spine come difesa |
Triassochelys | | 50% |
Archelon | | 7.1% |
Henodus | | 7.1% |
Protostega | | 0% |
|
Questo dinosauro carnivoro era provvisto di due corna sopra gli occhi e un musso tozzo e schiacciato |
Carnotaurus | | 50% |
Cryolophosaurus | | 7.1% |
Tyrannosaurus rex | | 0% |
Yutyrannus | | 7.1% |
|
Questo rettile alato, era provvisto sul capo di una strana cresta a forma di ventaglio |
Tapejara | | 50% |
Pteranodon | | 7.1% |
Scaphognathus | | 0% |
Dimorphodon | | 7.1% |
|
Questo antenato dell'Armadillo era provvisto di una mazza ferrata sulla coda |
Doedicurus | | 50% |
Glyptodon | | 14.3% |
Boryhaena | | 0% |
Proconsul | | 0% |
|
Questo bizzarro mammifero era l'incrocio tra un gorilla, un cavallo, un bradipo e un panda. |
Chalicotherium | | 50% |
Uintatharium | | 0% |
Paltybelodon | | 7.1% |
Megaloceros | | 7.1% |
|
Era uno tra i Sauropodi più alti mai esistiti, con arti anteriori più lunghi dei posteriori |
Brachiosaurus | | 50% |
Apatosaurus | | 0% |
Tintanosaurus | | 0% |
Argentinosaurus | | 14.3% |
|
Questo piccolo erbivoro aveva un muso che culminava in un becco simile a quello dei pappagalli, da cui prende il nome |
Psittacosaurus | | 50% |
Stegosaurus | | 7.1% |
Supersaurus | | 0% |
Pachycepahlosaurus | | 7.1% |
|
Questo dinosauro carnivoro, era dotato di un muso da coccodrillo, e due enormi falci sugli arti anteriori |
Baryonyx | | 50% |
Spinosaurus | | 14.3% |
Tyrannosaurus rex | | 0% |
Australovenator | | 0% |
|
Questo Sauropode era caratterizzato da spine e una specie di pinna sul collo e la schiena |
Amargasaurus | | 50% |
Diplodocus | | 21.4% |
Brachiosaurus | | 14.3% |
Apatosaurus | | 0% |
|
è stato il dinosauro carnivoro più grande mai esistito, dotato di un muso da coccodrillo, e una grande vela sul dorso |
Spinosaurus | | 50% |
Baryonyx | | 7.1% |
Suchomimus | | 7.1% |
Saurophaganax | | 0% |
|
Questo dinosauro cornuto, aveva un lungo corno sul naso e una criniera di sei corna sul collare osseo |
Styracosaurus | | 50% |
Pachyrhinosaurus | | 0% |
Triceratops | | 0% |
Protoceratops | | 14.3% |
|
Questo Pterosauro era dotato di una lunga cresta ossea dietro al testa, che usava come timone durante il volo |
Pteranodon | | 50% |
Rhamphorhynchus | | 0% |
Zhijangopterus | | 0% |
Pterodactylus | | 14.3% |
|
Questo dinosauro carnivoro è stato soprannominato Elvisaurus, in onore di un famoso cantante |
Cryolophosaurus | | 50% |
Glacialisaurus | | 0% |
Corythosaurus | | 7.1% |
Dilophosaurus | | 7.1% |
|
Era un dinosauro onnivoro, capace di correre come i moderni struzzi, di cui ricorda l'aspetto |
Gallimimus | | 50% |
Deinonychus | | 0% |
Velociraptor | | 7.1% |
Oviraptor | | 7.1% |
|
Questo bizzarro dinosauro era un piccolo erbivoro che possedeva ben 4 tipi di denti |
Heterodontosaurus | | 50% |
Hypsilophodon | | 0% |
Psittacosaurus | | 14.3% |
Gallimimus | | 14.3% |
|
Questo Sauropode era riconoscibile per via del muso largo e schiacciato. il nome significa: ' lucertola dalle camere' |
Camarasaurus | | 50% |
Brachiosaurus | | 0% |
Argentinosaurus | | 7.1% |
Giraffatitan | | 0% |
|
è stato la più grande tartaruga mai esistita, vive in mare, e raggiungeva i 4 m di diametro |
Archelon | | 46.2% |
Hainosaurus | | 0% |
Hesperornis | | 7.7% |
Coleacanth | | 0% |
|
è stato il rettile alato più grande mai esistito, a terra era alto come una giraffa, si nutriva probabilmente di carogne o piccoli dinosauri |
Quetzalcoatlus | | 46.2% |
Dimorphodon | | 0% |
Anurognathus | | 0% |
Pteranodon | | 7.7% |
|
Questo piccolo carnivoro è stato il primo dinosauro, da quando sappiamo dai resti fossili |
Eoraptor | | 46.2% |
Velociraptor | | 0% |
Herrerasaurus | | 7.7% |
Utahraptor | | 0% |
|
Questo dinosauro corazzato era dotato di placche e spine sulla coda e due aculei che gli sporgevano dalle spalle |
kentrosaurus | | 46.2% |
Stegosaurus | | 0% |
Ankylosaurus | | 0% |
Euoplocephalus | | 7.7% |
|
Questo marsupiale era l'antenato dei canguri e dei wallaby |
Procoptodon | | 46.2% |
Diprotodon | | 7.7% |
Tylacoleo | | 0% |
Titanoboa | | 0% |
|
Questo dinosauro pescivoro aveva un lungo muso simile a qullo degli alligatori, da cui prende il nome |
Suchomimus | | 46.2% |
Dinocroc | | 0% |
Supergator | | 7.7% |
Sarcosuchus | | 0% |
|
Questo antenato dell'elefante era provvisto di una sorta di spatola al posto della mascella inferiore |
Platybelodon | | 42.9% |
Mammuth lanoso | | 0% |
Mastodon | | 21.4% |
Mylodon | | 0% |
|
Questo rettile simile ad un mammifero ricordava molto un piccolo suino, o un roditore |
Lystrosaurus | | 42.9% |
Edaphosaurus | | 0% |
Seymouria | | 14.3% |
Dunkleosteus | | 7.1% |
|
Questo rettile alato, possedeva un becco corto e tozzo con due tipi di denti, e una coda a forma di triangolo |
Dimorphodon | | 42.9% |
Pteranodon | | 14.3% |
Rhamphorhynchus | | 7.1% |
Quetzalcoatlus | | 7.1% |
|
Era l'antenato dei moderni maiali e cinghiali, ma era un feroce predatore, tanto da meritarsi il soprannome di 'maiale venuta dall'inferno' |
Entelodon | | 42.9% |
Moeritherium | | 7.1% |
Ambulocetus | | 7.1% |
Propaleotherium | | 7.1% |
|
Questo carnivoro possedeva tre corni sulla testa: uno più grande sul naso e due piccoli sopra gli occhi |
Ceratosaurus | | 42.9% |
Carnotaurus | | 14.3% |
Allosaurus | | 7.1% |
Gorgosaurus | | 0% |
|
Era l'Ittiosauride più grande mai esistito, era infatti grande come una balena |
Shonisaurus | | 42.9% |
Megalodon | | 14.3% |
Dunklleosteus | | 0% |
Kronosaurus | | 7.1% |
|
Questo coccodrillo era perfettamente adatto alla vita in mare aperto, dotato di un cranio tozzo e largo e denti da dinosauro |
Dakosaurus | | 42.9% |
Mosasaurus | | 7.1% |
Hainosaurus | | 0% |
Geosaurus | | 14.3% |
|
Era un colossale pesce, che si nutriva di plancton, come fanno le odierna balene |
Leedsichthys | | 42.9% |
Megalodon | | 14.3% |
Odobenocetops | | 0% |
Dunkleosteus | | 7.1% |
|
Questo rettile marino era tra i principali predatori del suo habitat, era simile ad un grande serpente marino |
Tylosaurus | | 42.9% |
Ichthyosaurus | | 7.1% |
Plesiosaurus | | 14.3% |
Electhrophorus | | 0% |
|
Questo rettile alato era privo di coda, e forse viveva appeso ai soffitti delle grotte o ai rami degli alberi |
Pterodactylus | | 42.9% |
Pteranodon | | 0% |
Rhamphorhynchus | | 14.3% |
Quetzalcoatlus | | 7.1% |
|
Questo mammifero simile ad un rinoceronte aveva un corno a forma di V sul naso |
Brontotherium | | 42.9% |
Coeladonta | | 0% |
Indricotherium | | 14.3% |
Coryphodon | | 7.1% |
|
Questo antenato dei cervidi possedeva dei palchi ambi ben 2 m |
Megaloceros | | 42.9% |
Brontotherium | | 7.1% |
Arsinoitherium | | 0% |
Procoptodon | | 14.3% |
|
Questa tartaruga preistorica aveva uno strano guscio di forma quadrata |
Henodus | | 42.9% |
Archelon | | 7.1% |
Colossochelys | | 7.1% |
Trinacromerum | | 7.1% |
|
Questo dinosauro dal becco ad anatra aveva una lunga cresta sulla testa, che forse usava come boccaglio nelle immersioni |
Parasaurolophus | | 42.9% |
Corythosaurus | | 7.1% |
Oviraptor | | 0% |
Iguanodon | | 14.3% |
|
Questo grande uccello si nutriva di carne, guadagnandosi il soprannome di 'uccello del terrore' |
Phorusrhacos | | 42.9% |
Dodo | | 7.1% |
Arpagornys | | 0% |
Moa | | 14.3% |
|
Questo grosso mammifero, carnivoro, ritrovato da Roy Chapman Andrew, era però un lontano cugino di capre e pecore |
Andrewsarchus | | 35.7% |
Hyaenodon | | 0% |
Entelodon | | 0% |
Chalicotherium | | 28.6% |
|
Questo cugino asiatico del Parasaurolophus era più piccolo, e possedeva un' escrescenza di pelle tra il corno e il collo |
Charonosaurus | | 35.7% |
Corythosaurus | | 7.1% |
Velafrons | | 7.1% |
Anatotitan | | 14.3% |
|
Questo piccolo rettile alato, era un vero e proprio vampiro, infatti si posava su animali più grandi per succhiarne il sangue |
Joholopterus | | 35.7% |
Quetzalcoatlus | | 7.1% |
Hatzegopteryx | | 14.3% |
Coloborhynchus | | 7.1% |
|
è il dinosauro con il collo più lungo in proporzione al corpo, più della metà della lunghezza totale |
Mamenchisaurus | | 35.7% |
Diplodocus | | 28.6% |
Rebbachisaurus | | 0% |
Alamosaurus | | 0% |
|
Questo coccodrillo era il re del Triassico, infatti poteva cacciare anche i primi dinosauri, era agile e veloce sulle 4 zampe |
Postosuchus | | 35.7% |
Sarcosuchus | | 28.6% |
Eryops | | 0% |
Ichthyostega | | 0% |
|
è stato l'anfibio più grande mai esistito, raggiungeva i 6 m. Era dotato di due denti, cha a bocca chiusa gli uscivano dalle narici |
Mastodonsaurus | | 35.7% |
Eryops | | 14.3% |
Diictodon | | 0% |
Desmatosuchus | | 14.3% |
|
Questo dinosauro dal becco d'anatra, era provvisto di un lungo corno dritto sulla testa |
Tsintaosaurus | | 35.7% |
Corythosaurus | | 7.1% |
Lambeosaurus | | 14.3% |
Parasaurolophus | | 7.1% |
|
Questo rettile sembrava un mammifero, e come dice il suo nome, aveva i denti simile a quelli dei lupi e di canidi |
Cynognatus | | 35.7% |
Canis dirus | | 28.6% |
Gorgonopsid | | 0% |
Crocuta Spelea | | 0% |
|
Era uno dei dinosauri più antichi, piccolo, agile e leggero. dai resti si è scoperto che divorava piccoli della sua stessa specie |
Coelophysis | | 28.6% |
Compsognathus | | 21.4% |
Micropachycephalosaurus | | 7.1% |
Dracorex | | 7.1% |
|
Questo antenato del rinoceronte era dotato di sei protuberanze sulla testa simili a corni |
Uinthatherium | | 28.6% |
Moeritherium | | 0% |
Embolotherium | | 7.1% |
Rinoceronte lanoso | | 28.6% |
|
Questo piccolo rettile, è colui che diede origine ai dinosauri, e il primo animale ad avere zampe sotto il corpo, e non di lato |
Euparkeria | | 28.6% |
Dimetrodon | | 14.3% |
Eryops | | 21.4% |
Eogyrinus | | 0% |
|
Questo carnivoro era dotato di enormi artigli, due creste sul capo e una vela sul dorso |
Phantasaurus | | 28.6% |
Dilophosaurus | | 7.1% |
Spinosaurus | | 42.9% |
Irritator | | 7.1% |
|
Questo rettile non era un dinosauro, ma visse con i più antichi rappresentanti, era simile ad un moderno maiale, con due zanne sul muso |
Placerias | | 28.6% |
Diictodon | | 0% |
Scutosaurus | | 21.4% |
Gorgonopside | | 14.3% |
|
Questo strano coccodrillo vegetariano, era ricoperto da una corazza e aveva della lunghe spine sui fianchi |
Desmatosuchus | | 28.6% |
Arthropleura | | 0% |
Anatosuchus | | 14.3% |
Sarcosuchus | | 21.4% |
|
Questo primitivo Ceratosauride era provvisto di uno strano corno a ventaglio sul naso |
Lilliensternus | | 23.1% |
Dilophosaurus | | 0% |
Carnotaurus | | 7.7% |
Monolophosaurus | | 23.1% |
|
Era un colossale coccodrillo ritrovato in un paese africano da cui prende il nome |
Erythrosuchus | | 23.1% |
Anatosuchus | | 0% |
Lesothosaurus | | 15.4% |
Tanzeudosaurus | | 15.4% |
|
Questo parente dell'elefante era dotato di due zanne rivolte verso il basso che sporgevano dalla mascella inferiore |
Deinotherium | | 23.1% |
Mammuth | | 7.7% |
Platybelodon | | 15.4% |
Amebelodon | | 7.7% |
|
Questo dinosauro erbivoro, era dotato di braccia lunghe 6 m, e artigli che superavano i metro di lunghezza, è conosciuto con la mano terribile |
Deinochairus | | 21.4% |
Deinonychus | | 14.3% |
Deinosuchus | | 0% |
Deinotherium | | 28.6% |
|
Comments